| 000 | 00369nam a22001217a 4500 | ||
|---|---|---|---|
| 082 | _a220 PRO | ||
| 100 |
_aMuhammad Adeel Aish Shahzaib Sikandar _973005 |
||
| 245 | _aPR-SOF-1893-Run of River (ROR) Water to Volts | ||
| 260 |
_aISLAMABAD _bNUST COLLEGE OF EME _c2020 |
||
| 650 |
_aDE-COMP-38 _973006 |
||
| 700 |
_aDr Azhar ul Haq Lt Col Aqib Parwaiz _973007 |
||
| 942 | _cCR | ||
| 999 |
_c578912 _d578912 |
||